Conflicted (Record no. 5381)

MARC details
000 -CABECERA
campo de control de longitud fija 01993nam a2200325 i 4500
001 - NÚMERO DE CONTROL
campo de control 990225453490107026
003 - IDENTIFICADOR DEL NÚMERO DE CONTROL
campo de control UkOxU
005 - FECHA Y HORA DE LA ÚLTIMA TRANSACCIÓN
campo de control 20260304150047.0
008 - DATOS DE LONGITUD FIJA--INFORMACIÓN GENERAL
campo de control de longitud fija 200713s2021 enk 001|0|eng|d
015 ## - NÚMERO DE BIBLIOGRAFÍA NACIONAL
Número de bibliografía nacional GBC0J2225
Fuente bnb
016 7# - NÚMERO DE CONTROL DE UNA AGENCIA BIBLIOGRÁFICA NACIONAL
Número de control del registro 020033848
Fuente Uk
020 ## - NÚMERO INTERNACIONAL ESTÁNDAR DEL LIBRO
Número Internacional Estándar del Libro 9780571346943
Información calificativa paperback
020 ## - NÚMERO INTERNACIONAL ESTÁNDAR DEL LIBRO
ISBN cancelado o inválido 9780571346967
Información calificativa ePub ebook
035 ## - NÚMERO DE CONTROL DEL SISTEMA
Número de control de sistema (UkOxU)022545349
035 ## - NÚMERO DE CONTROL DEL SISTEMA
Número de control de sistema (UkOxU)022545349BIB01
035 ## - NÚMERO DE CONTROL DEL SISTEMA
Número de control de sistema (Uk)020033848
040 ## - FUENTE DE LA CATALOGACIÓN
Centro catalogador/agencia de origen StDuBDS
Lengua de catalogación eng
Normas de descripción rda
Centro/agencia transcriptor StDuBDS
Centro/agencia modificador UkOxU
041 ## - CÓDIGO DE LENGUA
Código de lengua del texto/banda sonora o título independiente English
082 04 - NÚMERO DE LA CLASIFICACIÓN DECIMAL DEWEY
Número de clasificación 158.2
Número de edición 23
100 ## - ENTRADA PRINCIPAL--NOMBRE DE PERSONA
Nombre de persona Leslie, Ian, - 1972- author.
Fechas asociadas al nombre 1972-
Término indicativo de función/relación author.
245 10 - MENCIÓN DE TÍTULO
Título Conflicted
Resto del título : why arguments are tearing us apart and how they can bring us together
Mención de responsabilidad, etc. / Ian Leslie.
264 #1 - PRODUCCIÓN, PUBLICACIÓN, DISTRIBUCIÓN, FABRICACIÓN Y COPYRIGHT
Producción, publicación, distribución, fabricación y copyright London :
Nombre del de productor, editor, distribuidor, fabricante Faber & Faber,
Fecha de producción, publicación, distribución, fabricación o copyright 2021.
300 ## - DESCRIPCIÓN FÍSICA
Extensión x, 286 pages ;
Dimensiones 24 cm
504 ## - NOTA DE BIBLIOGRAFÍA, ETC.
Nota de bibliografía, etc. Includes bibliographical references and index.
520 ## - SUMARIO, ETC.
Sumario, etc. Insight and empathy spring from the clash of different perspectives. In a world where it's easier than ever for people to share their opinions, we should be reaping the benefits of diverse views. Instead, we too often find ourselves mired in hostility or - worse - avoiding disagreement altogether. Ian Leslie argues that this is because most of us never learn how to air our differences in a way that leads to progress.<br/><br/>Conflicted draws essential lessons on how to disagree well from world-class experts: interrogators, hostage negotiators, divorce mediators, diplomats and addiction counsellors. It tells inspiring stories of productive disagreements, from the invention of the aeroplane to the success of The Rolling Stones, and combines them with fascinating insights from the science of human communication.<br/><br/>Whether it's at work, at home, or in public, confronting our differences is the only way to make the most of them. Conflicted is about how to do that successfully.
650 #0 - PUNTO DE ACCESO ADICIONAL DE MATERIA--TÉRMINO DE MATERIA
Término de materia o nombre geográfico como elemento de entrada Interpersonal relations
9 (RLIN) 1674
650 #0 - PUNTO DE ACCESO ADICIONAL DE MATERIA--TÉRMINO DE MATERIA
Término de materia o nombre geográfico como elemento de entrada Reasoning
9 (RLIN) 6856
650 #0 - PUNTO DE ACCESO ADICIONAL DE MATERIA--TÉRMINO DE MATERIA
Término de materia o nombre geográfico como elemento de entrada Conflict management
9 (RLIN) 10
942 ## - ELEMENTOS DE ENTRADA AGREGADA (KOHA)
Fuente del sistema de clasificación o colocación Clasificación de Library of Congress
Holdings
Estado de retiro Estado de pérdida Fuente del sistema de clasificación o colocación Estado dañado No para préstamo Biblioteca de origen Biblioteca actual Fecha de adquisición Total de préstamos Fecha visto por última vez Número de copia Precio válido a partir de Tipo de ítem Koha Nota pública
    Clasificación de Library of Congress     TBS Barcelona TBS Barcelona 04/03/2026   04/03/2026 1 04/03/2026 Book SOON AVAILABLE

Powered by Koha